Estatísticas para Cultura Geral

Clique aqui para jogar o quiz

Estatísticas Gerais

  • Esse quiz foi jogado 16 vezes
  • A pontuação média é 4 de 15

Estatísticas das Respostas

HintResposta% Correto
Minestrone é uma sopa típica de que país?Itália
85%
Que nome damos a alguém que se dedica a domesticar, alimentar ou guardar animais como ovelhas, cabras e outros?Pastor
54%
Que especialidade da medicina estuda e trata as doenças relacionadas ao olho?Oftalmologia
46%
Que nome damos a um recipiente com o gargalo mais estreito que o corpo, com a finalidade de reter líquidos?Garrafa
38%
Que nome damos ao lugar que oferece condições para experimentação e pesquisa nas áreas da ciência e tecnologia?Laboratório
38%
Que nome damos a uma pequena loja tradicional que vende produtos de grande consumo, sobretudo alimentos, podendo complementar a oferta com produtos de higiene, bebidas e objetos de uso doméstico?Mercearia
38%
Que nome damos a um estabelecimento comercial, semelhante a um hotel, mas, em geral, modesto em tamanho e administrado de maneira familiar?Pousada
23%
Que nome damos a uma compilação de palavras ou dos termos próprios, ou ainda de vocábulos de uma língua?Dicionário
15%
Pizza frita é um prato típico de que país?Escócia
8%
Que nome damos ao estudo da história das palavras, suas origens e como sua forma e significado mudaram ao longo do tempo?Etimologia
8%
Que nome damos ao conjunto de conhecimentos e técnicas que visam a promover a saúde e evitar as doenças?Higiene
8%
Que nome damos às deusas gregas responsáveis pela inspiração da criação artística ou científica?Musas
8%
Que nome damos a um local onde se vende vinho a varejo ou então é um restaurante simples?Taberna
8%
Obara é um prato típico de que país?Eslovénia
0%
Que nome damos a uma reunião para a discussão de vários temas e assuntos, especialmente os literários?Tertúlia
0%

Distribuição das Pontuações

Percentil de Números Respondidos

Porcentagem de Pessoas com Cada Pontuação

Sua Pontuação Histórica

Você não jogou esse quiz